[Event "Moscow Open 2009 A"]
[Site "Moscow"]
[Date "2009.01.31"]
[Round "1.49"]
[White "Ipatov, Alexander"]
[Black "Vorotnikov, Vladislav V"]
[Result "0-1"]
[WhiteElo "2493"]
[BlackElo "2421"]
[Annotator ""]
[Source ""]
[Remark ""]

1.d4 d6 2.c4 e5 3.Nf3 e4 4.Ng5 Nf6 5.Nc3 Qe7 6.Qc2 Nc6 7.e3 Bf5
8.Nh3 Qd7 9.a3 g6 10.Nf4 Bg7 11.h3 h5 12.Be2 Ne7 13.Bd2 c6 14.d5
h4 15.Bd1 g5 16.Nfe2 c5 17.Qb1 O-O 18.Ba4 Qc8 19.Bc2 Bg6 20.Nxe4
Nxe4 21.Bxe4 Bxe4 22.Qxe4 Bxb2 23.Rb1 Bg7 24.O-O Qd7 25.f4 Rae8
26.Qc2 Bf6 27.Kh1 b6 28.Rbe1 Ng6 29.Qb1 Qe7 30.Qf5 Bg7 31.Bc3 0-1

[Event "Moscow Open 2009 A"]
[Site "Moscow"]
[Date "2009.01.31"]
[Round "1.50"]
[White "Sharafiev, Azat"]
[Black "Ajrapetjan, Yuriy"]
[Result "0-1"]
[WhiteElo "2421"]
[BlackElo "2490"]
[Annotator ""]
[Source ""]
[Remark ""]

1.e4 e5 2.Nf3 Nc6 3.Bb5 a6 4.Ba4 Nf6 5.O-O Be7 6.Re1 b5 7.Bb3
d6 8.c3 O-O 9.d4 Bg4 10.Be3 Qc8 11.Nbd2 Na5 12.Bc2 Rd8 13.h3
Bh5 14.b4 exd4 15.cxd4 Nc4 16.Nxc4 bxc4 17.d5 c6 18.Bb6 Rd7 19.g4
Rb7 20.gxh5 Rxb6 21.Nd4 Qxh3 22.Nxc6 Rxc6 23.Re3 Qh4 24.dxc6
Ng4 25.Rf3 Bf6 26.Rc1 Qh2+ 27.Kf1 Ne5 28.Rg3 Bh4 29.c7 Bxg3 30.fxg3
Rc8 31.Qd4 Ng4 32.Bd1 Qh1+ 33.Qg1 Ne3+ 34.Kf2 Qxe4 35.Be2 Qc6 0-1

[Event "Moscow Open 2009 A"]
[Site "Moscow"]
[Date "2009.01.31"]
[Round "1.52"]
[White "Sek, Konstantin"]
[Black "Pushkov, Nikolai"]
[Result "0-1"]
[WhiteElo "2417"]
[BlackElo "2486"]
[Annotator ""]
[Source ""]
[Remark ""]

1.e4 e6 2.d4 d5 3.Nc3 Bb4 4.a3 Bxc3+ 5.bxc3 dxe4 6.f3 c5 7.Be3
Qa5 8.dxc5 Qxc3+ 9.Kf2 Nc6 10.Bb5 Qf6 11.Nh3 h6 12.Nf4 Nge7 13.h4
exf3 14.g4 O-O 15.g5 Qe5 16.Nd3 Qe4 17.Bxc6 bxc6 18.gxh6 Nf5
19.Qxf3 Qxf3+ 20.Kxf3 gxh6 21.Ne5 f6 22.Nc4 e5 23.Nd6 Nxd6 24.cxd6
h5 25.Rab1 Kf7 26.Bc5 Bg4+ 27.Ke3 Rfb8 28.a4 a6 29.Bb6 Ke6 30.Bc7
Rxb1 31.Rxb1 Rg8 32.Rb6 Kd5 33.Rxa6 Bd7 34.Ra5+ Ke6 35.Ra7 f5
36.a5 f4+ 37.Ke4 c5 38.Kd3 Bb5+ 39.c4 Rg3+ 40.Kd2 Bxc4 0-1

[Event "Moscow Open 2009 A"]
[Site "Moscow"]
[Date "2009.01.31"]
[Round "1.53"]
[White "Gavrilov, Alexei"]
[Black "Borisenko, Andrei"]
[Result "1/2-1/2"]
[WhiteElo "2481"]
[BlackElo "2415"]
[Annotator ""]
[Source ""]
[Remark ""]

1.d4 e6 2.c4 c5 3.d5 exd5 4.cxd5 d6 5.Nc3 g6 6.e4 Bg7 7.Bd3 a6
8.a4 Ne7 9.h3 O-O 10.Nf3 h6 11.O-O g5 12.Re1 Ng6 13.a5 Nd7 14.Bd2
Nde5 15.Nxe5 Nxe5 16.Be2 f5 17.exf5 Bxf5 18.Na4 Qf6 19.Rf1 Qg6
20.Nb6 Bc2 21.Qc1 Rae8 22.Bc3 Be4 23.Qd1 Re7 24.Bh5 Qf5 25.f3
Bd3 26.Re1 Bb5 27.Bg4 Qg6 28.Be6+ Kh8 29.Re4 Ree8 30.Qd2 Nd3
31.h4 Rf4 32.hxg5 hxg5 33.Rxf4 gxf4 1/2-1/2

[Event "Moscow Open 2009 A"]
[Site "Moscow"]
[Date "2009.01.31"]
[Round "1.55"]
[White "Petrosian, Davit G"]
[Black "Potapov, Pavel"]
[Result "1-0"]
[WhiteElo "2477"]
[BlackElo "2414"]
[Annotator ""]
[Source ""]
[Remark ""]

1.e4 c5 2.d3 Nc6 3.f4 g6 4.Nf3 Bg7 5.g3 d6 6.Bg2 b5 7.O-O Rb8
8.a4 b4 9.Nbd2 e6 10.e5 d5 11.Nb3 Qb6 12.Be3 d4 13.Bf2 f6 14.a5
Qb5 15.Nfd2 fxe5 16.Nc4 Ke7 17.fxe5 Nxe5 18.Qe2 Nf7 19.Bxd4 cxd4
20.Rxf7+ Kxf7 21.Nd6+ Ke7 22.Nxb5 Rxb5 23.Qf2 Rf5 24.Qe1 Rb5
25.Bc6 Rb8 26.Qe4 Nh6 27.Qh4+ Kd6 28.Nxd4 Nf5 29.Nxf5+ exf5 30.Qc4
Be6 31.Qa6 Bd4+ 32.Kg2 Ke7 33.Bf3 1-0

[Event "Moscow Open 2009 A"]
[Site "Moscow"]
[Date "2009.01.31"]
[Round "1.56"]
[White "Lavrik, Dmitry"]
[Black "Bezgodov, Alexei"]
[Result "1/2-1/2"]
[WhiteElo "2414"]
[BlackElo "2475"]
[Annotator ""]
[Source ""]
[Remark ""]

1.e4 e5 2.Nf3 Nc6 3.Bb5 a6 4.Ba4 Nf6 5.O-O Be7 6.Re1 b5 7.Bb3
d6 8.c3 O-O 9.h3 Na5 10.Bc2 c5 11.d4 Nd7 12.d5 Nb6 13.Nbd2 f5
14.exf5 Bxf5 15.Ne4 Nb7 16.Neg5 Bxg5 17.Nxg5 Qf6 18.b3 Qg6 19.Re4
h6 20.g4 hxg5 21.gxf5 Qxf5 22.Be3 Qxh3 23.Rg4 1/2-1/2

[Event "Moscow Open 2009 A"]
[Site "Moscow"]
[Date "2009.01.31"]
[Round "1.57"]
[White "Mozharov, Mikhail"]
[Black "Chernobay, Artem"]
[Result "1/2-1/2"]
[WhiteElo "2475"]
[BlackElo "2414"]
[Annotator ""]
[Source ""]
[Remark ""]

1.d4 Nf6 2.Nf3 c5 3.d5 e6 4.Nc3 d6 5.e4 exd5 6.Nxd5 Nxd5 7.Qxd5
Be7 8.Bg5 Bxg5 9.Nxg5 O-O 10.Bc4 Qe7 11.O-O-O Nc6 12.Rhe1 Ne5
13.f4 h6 14.fxe5 Qxg5+ 15.Qd2 dxe5 16.Qxg5 hxg5 17.Rd6 Kh7 18.h3
b6 19.Re3 Rb8 20.Bd5 Bb7 21.Ra3 Bxd5 22.Rxd5 Rb7 23.Rxe5 f6 1/2-1/2

[Event "Moscow Open 2009 A"]
[Site "Moscow"]
[Date "2009.01.31"]
[Round "1.58"]
[White "Efanov, Nikolai"]
[Black "Yandemirov, Valeri"]
[Result "0-1"]
[WhiteElo "2411"]
[BlackElo "2474"]
[Annotator ""]
[Source ""]
[Remark ""]

1.e4 e5 2.Nf3 Nc6 3.Bb5 a6 4.Bxc6 dxc6 5.O-O f6 6.d4 exd4 7.Nxd4
c5 8.Ne2 Qxd1 9.Rxd1 Bd7 10.Nbc3 O-O-O 11.Be3 b6 12.a4 a5 13.Nb5
Bxb5 14.Rxd8+ Kxd8 15.axb5 Bd6 16.Rd1 Kc8 17.Bf4 Bxf4 18.Nxf4
Nh6 19.Nh5 Rg8 20.Rd3 Nf7 21.Rg3 Nd6 22.Nxf6 Rd8 23.Nd5 Nxe4
24.Rd3 Rd7 25.c4 Nf6 26.Nf4 g5 27.Rxd7 Kxd7 28.Nd3 Ne4 29.b3
Nd2 30.Nc1 Ke6 31.f3 Ke5 32.Kf2 Kd4 33.g3 Kc3 34.f4 gxf4 35.gxf4
Kc2 36.f5 Kxc1 0-1

[Event "Moscow Open 2009 A"]
[Site "Moscow"]
[Date "2009.01.31"]
[Round "1.59"]
[White "Gabrielian, Artur"]
[Black "Shvedchikov, Anatoli I"]
[Result "1/2-1/2"]
[WhiteElo "2472"]
[BlackElo "2409"]
[Annotator ""]
[Source ""]
[Remark ""]

1.e4 e6 2.d4 d5 3.Nc3 dxe4 4.Nxe4 Bd7 5.Nf3 Bc6 6.Bd3 Nd7 7.O-O
Ngf6 8.Nxf6+ Qxf6 9.Be2 Bd6 10.Be3 h6 11.b3 Qd8 12.c4 O-O 13.Nd2 1/2-1/2

[Event "Moscow Open 2009 A"]
[Site "Moscow"]
[Date "2009.01.31"]
[Round "1.62"]
[White "Gritsenko, Andrey"]
[Black "Lushenkov, Mikhail"]
[Result "1-0"]
[WhiteElo "2403"]
[BlackElo "2462"]
[Annotator ""]
[Source ""]
[Remark ""]

1.e4 e5 2.Nf3 Nc6 3.Bb5 a6 4.Ba4 Nf6 5.O-O b5 6.Bb3 Bb7 7.Re1
Bc5 8.c3 d6 9.d4 Bb6 10.Bg5 h6 11.Bh4 g5 12.Bg3 O-O 13.Qd3 Nh5
14.Nbd2 Nxg3 15.hxg3 Qf6 16.d5 Ne7 17.Re2 c6 18.dxc6 Bxc6 19.Nf1
Qg6 20.Rd1 Rfd8 21.g4 Rdb8 22.Ng3 Kf8 23.Nf5 Nxf5 24.exf5 Qf6
25.Bd5 Bxd5 26.Qxd5 h5 27.Qe4 Rc8 28.gxh5 Rc4 29.Qd3 Bc7 30.g3
Rd8 31.b3 Rc6 32.c4 bxc4 33.bxc4 Rb8 34.Qe4 Rc5 35.Rd5 Rxd5 36.cxd5
Ba5 37.Qg4 Ke7 38.Kg2 Rb5 39.Nxg5 Rxd5 40.Ne4 Qh8 41.f6+ Kd8
42.Qg7 1-0

[Event "Moscow Open 2009 A"]
[Site "Moscow"]
[Date "2009.01.31"]
[Round "1.64"]
[White "Hovhannisyan, Robert"]
[Black "Krylov, Mikhail"]
[Result "1-0"]
[WhiteElo "2402"]
[BlackElo "2459"]
[Annotator ""]
[Source ""]
[Remark ""]

1.e4 e5 2.Nf3 Nc6 3.Bb5 a6 4.Ba4 Nf6 5.O-O Be7 6.Re1 b5 7.Bb3
d6 8.c3 Na5 9.Bc2 c5 10.d4 Qc7 11.a4 c4 12.Na3 Bd7 13.Bg5 O-O
14.axb5 Bxb5 15.Nxb5 axb5 16.Nh4 g6 17.g3 b4 18.Qf3 Kg7 19.Ng2
Ng8 20.Bd2 exd4 21.cxd4 Nc6 22.Be3 b3 23.Rxa8 Rxa8 24.Bb1 Bf6
25.Qd1 Ra1 26.Nf4 Nge7 27.Ne2 Qa5 28.Nc3 Nb4 29.Qd2 Nec6 30.e5
dxe5 31.dxe5 Be7 32.e6 fxe6 33.Bh6+ Kg8 34.Qd7 Qd8 35.Qxe6+ Kh8
36.Qf7 1-0

[Event "Moscow Open 2009 A"]
[Site ""]
[Date "2009.01.31"]
[Round "1.67"]
[White "Papin, Vasily"]
[Black "Kachko, Alexander"]
[Result "1-0"]
[WhiteElo "2456"]
[BlackElo "2401"]
[Annotator ""]
[Source ""]
[Remark ""]

1.Nf3 d5 2.c4 dxc4 3.e3 Nf6 4.Bxc4 e6 5.O-O a6 6.d4 c5 7.Bb3
b6 8.Nc3 Bb7 9.Qe2 Nc6 10.Rd1 Qc7 11.d5 exd5 12.Bxd5 Bd6 13.e4
O-O-O 14.Bg5 h6 15.Bxf6 gxf6 16.Bb3 Rd7 17.Nd5 Qd8 18.a4 Kb8
19.Qe3 Be5 20.Nxe5 fxe5 21.Rdc1 Ka7 22.a5 Nxa5 23.Rxa5 Bxd5 24.Bxd5
bxa5 25.Rxc5 Qb6 26.Qc3 Rb8 27.h3 Qd8 28.Rc6 Rxd5 29.exd5 Qxd5
30.Qe3+ Qd4 31.Qxh6 Rxb2 32.Rxa6+ Kb8 33.Qf8+ Kb7 34.Rf6 Rb1+
35.Kh2 Rb6 36.Rxf7+ Ka6 37.f4 a4 38.Qa8+ Kb5 39.Qe8+ Kb4 40.fxe5
Rb5 41.Qe7+ Kc3 42.Qa3+ Kd2 43.Qd6 Rd5 44.Qe6 Kc2 45.Qc6+ Rc5
46.Qg6+ Kb2 47.e6 Qe5+ 48.Qg3 Qxe6 49.Rb7+ Kc2 50.Qf2+ 1-0

[Event "Moscow Open 2009 A"]
[Site ""]
[Date "2009.01.31"]
[Round "1.68"]
[White "Novichkov, Valery"]
[Black "Petrushin, Alexander I"]
[Result "0-1"]
[WhiteElo "2400"]
[BlackElo "2455"]
[Annotator ""]
[Source ""]
[Remark ""]

1.e4 c5 2.Nf3 d6 3.Bb5+ Bd7 4.Bxd7+ Nxd7 5.O-O Ngf6 6.Qe2 e6
7.b3 Be7 8.Bb2 O-O 9.c4 a6 10.d4 cxd4 11.Nxd4 Rc8 12.Nc3 Qa5
13.Rac1 Rfe8 14.Rfd1 Bd8 15.Nf3 Bc7 16.Rc2 Bb8 17.Nd4 Ne5 18.Qd2
Qc5 19.Na4 Qc7 20.f3 Ng6 21.g3 Ne5 22.Kg2 Ned7 23.Ba3 b6 24.Bb2
Qb7 25.Nc3 h6 26.Ba1 Ne5 27.Bb2 Rcd8 28.Qf2 d5 29.cxd5 exd5 30.Nxd5
Nxd5 31.exd5 Qxd5 32.h3 Ng6 33.Rcd2 Qg5 34.Kh2 Rd5 35.f4 Nxf4
36.Nf3 Qf5 37.gxf4 Bxf4+ 38.Kg2 Qg6+ 39.Kh1 Bxd2 40.Rxd2 Rxd2
41.Qxd2 Qg3 42.Ng1 Re3 0-1

[Event "Moscow Open 2009 A"]
[Site ""]
[Date "2009.01.31"]
[Round "1.69"]
[White "Gubajdullin, Alexei"]
[Black "Reprintsev, Alexander"]
[Result "1-0"]
[WhiteElo "2454"]
[BlackElo "2400"]
[Annotator ""]
[Source ""]
[Remark ""]

1.e4 d5 2.Nc3 d4 3.Nce2 c5 4.Ng3 Qa5 5.Bc4 e6 6.a4 Bd6 7.Qg4
g6 8.f4 Nc6 9.e5 Be7 10.c3 Bd7 11.N1e2 O-O-O 12.O-O f5 13.Qf3
h5 14.b4 cxb4 15.cxd4 h4 16.Nh1 Qb6 17.Bb2 g5 18.Nf2 Kb8 19.fxg5
Na5 20.d3 Bxg5 21.d5 Qe3 22.Bb5 Nb3 23.Bxd7 Rxd7 24.dxe6 Qxf3
25.gxf3 Rg7 26.Kh1 Nxa1 27.Bxa1 Be3 28.Nd1 Bb6 29.d4 Ne7 30.Ne3
Rd8 31.Rd1 Rgg8 32.Nf4 a5 1-0

[Event "Moscow Open 2009 A"]
[Site ""]
[Date "2009.01.31"]
[Round "1.70"]
[White "Soltanici, Ruslan"]
[Black "Pugachov, Alexey"]
[Result "1/2-1/2"]
[WhiteElo "2400"]
[BlackElo "2450"]
[Annotator ""]
[Source ""]
[Remark ""]

1.e4 c5 2.Nf3 e6 3.Nc3 a6 4.d4 cxd4 5.Nxd4 Qc7 6.g3 Nc6 7.Bg2
d6 8.O-O Bd7 9.Re1 Be7 10.Nxc6 Bxc6 11.Qg4 h5 12.Qe2 h4 13.a4
hxg3 14.hxg3 Nf6 15.a5 Kf8 16.Be3 g6 17.Bb6 Qc8 18.Na4 Bb5 19.Qd2
e5 20.b3 Qg4 21.c4 Bc6 22.Qe2 Qe6 23.Nc3 Kg7 24.Nd5 Bxd5 25.exd5
Qf5 26.c5 dxc5 27.Bc7 Nd7 28.d6 Bd8 29.Bxd8 Rhxd8 30.Bxb7 Ra7
31.Bxa6 e4 32.Qb2+ f6 33.Bf1 Ne5 34.Bg2 Nf3+ 35.Bxf3 exf3 36.Re7+
Rxe7 37.dxe7 Rh8 38.e8Q Rxe8 39.Qb1 Qh5 40.Qd3 Rh8 1/2-1/2

[Event "Moscow Open 2009 A"]
[Site ""]
[Date "2009.01.31"]
[Round "1.71"]
[White "Gochelashvili, David"]
[Black "Kotenko, Pavel"]
[Result "1/2-1/2"]
[WhiteElo "2447"]
[BlackElo "2398"]
[Annotator ""]
[Source ""]
[Remark ""]

1.e4 e5 2.Nf3 Nc6 3.Bb5 a6 4.Ba4 Nf6 5.O-O Nxe4 6.Re1 Nc5 7.Bxc6
dxc6 8.Nxe5 Be7 9.d4 Nd7 10.Nxd7 Bxd7 11.Bg5 Be6 12.Qh5 1/2-1/2

[Event "Moscow Open 2009 A"]
[Site ""]
[Date "2009.01.31"]
[Round "1.72"]
[White "Reshetnikov, Alexey"]
[Black "Obodchuk, Andrei"]
[Result "1-0"]
[WhiteElo "2397"]
[BlackElo "2445"]
[Annotator ""]
[Source ""]
[Remark ""]

1.e4 c5 2.Nf3 e6 3.d4 cxd4 4.Nxd4 a6 5.Bd3 Bc5 6.Nb3 Be7 7.O-O
d6 8.c4 Nf6 9.Nc3 O-O 10.Be3 b6 11.f4 Nbd7 12.Qf3 Bb7 13.Rad1
Qc7 14.Qh3 Rad8 15.g4 g6 16.g5 Nh5 17.f5 exf5 18.exf5 Rde8 19.Nd5
Bxd5 20.cxd5 Nc5 21.f6 Bd8 22.Nxc5 dxc5 23.d6 Qc6 24.d7 Re5 25.Be2
Qe4 26.Bxh5 gxh5 27.Bf4 Rd5 28.Rxd5 Qxd5 29.Qxh5 Qxd7 30.Qh6
Qd4+ 31.Kg2 Qe4+ 32.Kg3 Qg6 33.Qxg6+ hxg6 34.Re1 Kh7 35.Bd6 Rh8
36.Re4 b5 37.Rh4+ Kg8 38.Rxh8+ Kxh8 39.Bxc5 Bc7+ 40.Kg2 Be5 41.b3
Bf4 42.h4 Kg8 43.Kf3 Bd2 1-0

[Event "Moscow Open 2009 A"]
[Site ""]
[Date "2009.01.31"]
[Round "1.76"]
[White "Popilski, Gil"]
[Black "Paveliev, Alexey"]
[Result "1-0"]
[WhiteElo "2348"]
[BlackElo "2396"]
[Annotator ""]
[Source ""]
[Remark ""]

1.e4 e6 2.d4 d5 3.Nc3 Bb4 4.exd5 exd5 5.Bd3 Nc6 6.a3 Be7 7.Nce2
Bg4 8.c3 Nf6 9.Qc2 Bd6 10.Ng3 Qe7+ 11.N1e2 O-O-O 12.Nf5 Bxf5
13.Bxf5+ Kb8 14.f3 Nh5 15.O-O Rde8 16.Rf2 g6 17.Bd3 Qh4 18.g3
Qh3 19.Rg2 Re7 20.Bd2 Rhe8 21.a4 Nd8 22.b3 f6 1-0

[Event "Moscow Open 2009 A"]
[Site ""]
[Date "2009.01.31"]
[Round "1.77"]
[White "Okara, Andrey"]
[Black "Kremenietsky, Anatoly M"]
[Result "0-1"]
[WhiteElo "2394"]
[BlackElo "2346"]
[Annotator ""]
[Source ""]
[Remark ""]

1.e4 e6 2.d4 d5 3.Nd2 dxe4 4.Nxe4 Bd7 5.Nf3 Bc6 6.Bd3 Nd7 7.O-O
Ngf6 8.Ng3 Be7 9.Re1 O-O 10.Ne5 Nxe5 11.Rxe5 Qd7 12.c3 b5 13.Bg5
g6 14.Qe2 Rab8 15.Re1 Nd5 16.Bh6 Rfe8 17.Qg4 Nf6 18.Qf4 Nd5 19.Qd2
Nf6 20.Bg5 Ng4 21.R5e2 Nf6 22.h4 Rbd8 23.h5 Kg7 24.Bh6+ Kg8 25.Bg5
Kg7 26.f3 Ng8 27.Bf4 Bd6 28.hxg6 fxg6 29.Be5+ Bxe5 30.Rxe5 Bd5
31.Bb1 Qe7 32.Rg5 Kf8 33.Qf4+ Qf6 34.Qh4 Ke7 35.Ne4 Bxe4 36.fxe4
Kd7 37.Rf1 Qe7 38.Qf4 Kc8 39.Rxb5 Rd7 40.e5 c6 41.Rc5 Rc7 42.Be4
Qd7 43.Qf3 Kb7 44.b4 a6 45.a4 Kb6 46.Qe2 Rf8 47.Bxg6 Ne7 48.Bd3
Nd5 49.Be4 Rh8 50.Rb1 Qe7 51.c4 Nc3 52.a5+ Kb7 53.Bxc6+ Kb8 54.Qd3
Nxb1 55.Qxb1 Qh4 56.Qe4 0-1

[Event "Moscow Open 2009 A"]
[Site ""]
[Date "2009.01.31"]
[Round "1.79"]
[White "Agaragimov, Djakhangir"]
[Black "Egorov, Dmitry"]
[Result "1/2-1/2"]
[WhiteElo "2393"]
[BlackElo "2346"]
[Annotator ""]
[Source ""]
[Remark ""]

1.d4 Nf6 2.c4 c5 3.d5 b5 4.cxb5 a6 5.e3 d6 6.Nc3 g6 7.Nf3 Bg7
8.Bc4 O-O 9.O-O axb5 10.Bxb5 Ba6 11.Bxa6 Nxa6 12.e4 Qa5 13.e5
dxe5 14.Nxe5 Nb4 15.Qf3 Qc7 16.Bf4 Qb7 17.d6 Qxf3 18.Nxf3 exd6
19.Bxd6 Rfc8 20.Rfd1 Ra6 21.h3 Nc2 22.Rac1 Nd4 23.Nxd4 cxd4 24.Nb5
Rxc1 25.Rxc1 h5 26.Ba3 1/2-1/2

[Event "Moscow Open 2009 A"]
[Site ""]
[Date "2009.01.31"]
[Round "1.80"]
[White "Davydov, Sergey P"]
[Black "Gagarin, Vasilij"]
[Result "0-1"]
[WhiteElo "2342"]
[BlackElo "2392"]
[Annotator ""]
[Source ""]
[Remark ""]

1.c4 e5 2.Nc3 d6 3.Nf3 f5 4.e4 c5 5.d3 Nf6 6.g3 Nc6 7.Bg2 Be7
8.O-O O-O 9.Nh4 fxe4 10.dxe4 Nd4 11.h3 Be6 12.b3 Qd7 13.Kh2 Ne8
14.Nd5 Bxh4 15.gxh4 Nf6 16.f4 Bxd5 17.cxd5 exf4 18.Bxf4 Qe7 19.Be3
Nd7 20.Rxf8+ Rxf8 21.Bxd4 cxd4 22.Qxd4 Ne5 23.Rc1 Qxh4 24.Rc7
Rf2 25.Qc3 Nf3+ 26.Kh1 Qxh3+ 0-1

[Event "Moscow Open 2009 A"]
[Site ""]
[Date "2009.01.31"]
[Round "1.75"]
[White "Demin, Alexandr"]
[Black "Przybylski, Wojciech"]
[Result "1/2-1/2"]
[WhiteElo "2417"]
[BlackElo "2337"]
[Annotator ""]
[Source ""]
[Remark ""]

1.e4 c5 2.Nf3 d6 3.Bb5+ Nc6 4.d4 cxd4 5.Qxd4 Qa5+ 6.Nc3 Qxb5
7.Nxb5 Nxd4 8.Nfxd4 Kd8 9.Bd2 Nf6 10.e5 Ne4 11.Ba5+ b6 12.Bb4
Bd7 13.exd6 e5 14.Nc7 Rc8 15.Nf3 Bxd6 16.Bxd6 Nxd6 17.Nd5 Rxc2
18.Ne3 Rxb2 19.O-O-O Rxa2 20.Rxd6 Ra1+ 21.Kb2 Rxh1 22.Nxe5 Ke7
23.Rxd7+ Ke6 24.N3c4 Rc8 25.Rd6+ Ke7 26.Rd7+ Ke6 27.Rd6+ Ke7
28.Rd7+ 1/2-1/2

[Event "Moscow Open 2009 A"]
[Site ""]
[Date "2009.01.31"]
[Round "1.81"]
[White "Yuferov, Sergey N"]
[Black "Gerasimov, Ivan"]
[Result "1/2-1/2"]
[WhiteElo "2392"]
[BlackElo "2342"]
[Annotator ""]
[Source ""]
[Remark ""]

1.Nf3 Nf6 2.g3 b6 3.Bg2 Bb7 4.O-O e6 5.d4 c5 6.c3 Be7 7.Bg5 O-O
8.Nbd2 h6 9.Bxf6 Bxf6 10.e4 d6 11.Re1 Qc7 12.Nf1 d5 13.exd5 Bxd5
14.Ne3 Bb7 15.Ng4 Nd7 16.dxc5 bxc5 17.Nxf6+ Nxf6 18.Qe2 1/2-1/2

[Event "Moscow Open 2009 A"]
[Site ""]
[Date "2009.01.31"]
[Round "1.82"]
[White "Zhidkov, Valery S"]
[Black "Gorbatov, Alexej"]
[Result "1/2-1/2"]
[WhiteElo "2341"]
[BlackElo "2389"]
[Annotator ""]
[Source ""]
[Remark ""]

1.Nf3 Nf6 2.d4 e6 3.c4 Bb4+ 4.Bd2 Bxd2+ 5.Qxd2 O-O 6.Nc3 d5 7.e3
Qe7 8.Be2 Rd8 9.O-O dxc4 10.Bxc4 c5 11.Qe2 Nc6 12.dxc5 Qxc5 13.Rfd1
Bd7 14.a3 Ne5 15.Nxe5 Qxe5 16.Bb5 Bxb5 17.Qxb5 1/2-1/2

[Event "Moscow Open 2009 A"]
[Site ""]
[Date "2009.01.31"]
[Round "1.83"]
[White "Kargin, Arseny"]
[Black "Zimmerman, Yuri"]
[Result "1-0"]
[WhiteElo "2389"]
[BlackElo "2341"]
[Annotator ""]
[Source ""]
[Remark ""]

1.e4 d6 2.d4 Nf6 3.f3 g6 4.Be3 Bg7 5.Qd2 c6 6.c4 O-O 7.Nc3 e5
8.d5 cxd5 9.cxd5 a6 10.O-O-O Nbd7 11.g4 b5 12.Bd3 Nb6 13.Kb1
Nfd7 14.Qf2 b4 15.Nce2 Na4 16.h4 Rb8 17.h5 Qa5 18.Nc1 Ndc5 19.Nb3
Nxd3 20.Rxd3 Qb5 21.Rd1 a5 22.Ne2 Ba6 23.Nec1 f6 24.hxg6 hxg6
25.Bh6 Rf7 26.Qh4 g5 27.Qh5 Nc3+ 28.bxc3 bxc3 29.Rh2 a4 30.Kc2
axb3+ 31.axb3 Qb4 32.Rdh1 Qa3 33.Bxg7 Qb2+ 34.Kd1 1-0

[Event "Moscow Open 2009 A"]
[Site ""]
[Date "2009.01.31"]
[Round "1.84"]
[White "Tarasov, Oleg"]
[Black "Orlinkov, Maxim L"]
[Result "0-1"]
[WhiteElo "2340"]
[BlackElo "2385"]
[Annotator ""]
[Source ""]
[Remark ""]

1.e4 g6 2.d4 Bg7 3.Nc3 d6 4.Be3 a6 5.a4 b6 6.Bc4 Bb7 7.Ba2 Nd7
8.f3 e6 9.Qd2 h6 10.Nge2 Qh4+ 11.g3 Qe7 12.h4 Ngf6 13.g4 c5 14.h5
gxh5 15.gxh5 cxd4 16.Nxd4 O-O-O 17.a5 b5 18.Ncxb5 axb5 19.a6
Ba8 20.Qc3+ Nc5 21.b4 Nfd7 22.O-O-O Nb6 23.bxc5 dxc5 24.Nc6 Bxc3
25.Nxe7+ Kb8 26.Bxc5 Na4 27.Rxd8+ Rxd8 28.Be3 Bb2+ 29.Kb1 Bf6
30.Bxh6 Nc3+ 31.Kb2 Nxe4+ 32.Kb3 Nc5+ 33.Kb4 Bxe7 34.Kxb5 Bxf3
35.Rh3 Be2+ 36.Bc4 Bxc4+ 37.Kxc4 Ne4 38.Rb3+ Ka8 0-1

[Event "Moscow Open 2009 A"]
[Site ""]
[Date "2009.01.31"]
[Round "1.85"]
[White "Kovalev, Vladislav"]
[Black "Reutsky, Sergei"]
[Result "1/2-1/2"]
[WhiteElo "2330"]
[BlackElo "2381"]
[Annotator ""]
[Source ""]
[Remark ""]

1.e4 e6 2.d4 d5 3.Nc3 Bb4 4.e5 c5 5.a3 Bxc3+ 6.bxc3 Qc7 7.Qg4
Ne7 8.Qxg7 Rg8 9.Qxh7 cxd4 10.Ne2 Nbc6 11.f4 Bd7 12.Qd3 dxc3
13.Nxc3 a6 14.Ne2 O-O-O 15.Bd2 Na5 16.Bxa5 Qxa5+ 17.Qc3+ Qxc3+
18.Nxc3 Bc6 19.Ne2 d4 20.Kd2 Nf5 21.Rg1 Be4 22.Nc1 Rg4 23.Nd3
Rdg8 24.Re1 Ne3 25.g3 Rh4 26.gxh4 Rxg1 27.Bh3 Rg8 28.Nf2 Bf5
29.Bxf5 Nxf5 30.Ne4 Rh8 31.Ng5 Rxh4 32.Nxf7 Rxh2+ 33.Re2 Rh3
34.Ng5 Rh6 1/2-1/2

[Event "Moscow Open 2009 A"]
[Site ""]
[Date "2009.01.31"]
[Round "1.87"]
[White "Bukavshin, Ivan"]
[Black "Moiseev, Gumar"]
[Result "0-1"]
[WhiteElo "2326"]
[BlackElo "2380"]
[Annotator ""]
[Source ""]
[Remark ""]

1.d4 Nf6 2.c4 e6 3.Nf3 b6 4.e3 Bb7 5.Bd3 d6 6.Nc3 Nbd7 7.e4 e5
8.d5 g6 9.h3 Bg7 10.Be3 O-O 11.g4 c6 12.Nd2 cxd5 13.cxd5 Nc5
14.Be2 Ba6 15.Bxa6 Nxa6 16.Qe2 Nc5 17.O-O-O Qd7 18.Kb1 Rfc8 19.Rc1
a6 20.a3 b5 21.b4 Nb7 22.Kb2 Qd8 23.h4 a5 24.f3 axb4 25.axb4
Na5 26.Nxb5 Rcb8 27.Nb1 Nxd5 28.exd5 e4+ 29.Kc2 exf3 30.Qd3 Qc8+
31.N1c3 Rxb5 32.bxa5 Rbxa5 33.g5 Ra3 34.Bd2 Qg4 35.Rhf1 Bxc3
36.Bxc3 Ra2+ 37.Bb2 Qa4+ 38.Qb3 Rc8+ 39.Kb1 Ra1+ 40.Bxa1 Qxb3+
41.Bb2 Qd3+ 0-1

[Event "Moscow Open 2009 A"]
[Site ""]
[Date "2009.01.31"]
[Round "1.88"]
[White "Chudinovskikh, Alexander M"]
[Black "Bogachkov, Igor"]
[Result "1-0"]
[WhiteElo "2379"]
[BlackElo "2324"]
[Annotator ""]
[Source ""]
[Remark ""]

1.e4 c5 2.Nf3 Nc6 3.Bb5 g6 4.O-O Bg7 5.Re1 Nf6 6.c3 O-O 7.h3
e5 8.d3 d6 9.Nbd2 Bd7 10.Nf1 a6 11.Ba4 b5 12.Bb3 Nh5 13.Kh2 Kh8
14.g3 Qc8 15.Ng5 Nd8 16.g4 Nf4 17.Bxf4 exf4 18.Qd2 f5 19.gxf5
gxf5 20.Qe2 fxe4 21.Qh5 Bf5 22.dxe4 Bg6 23.Qh4 c4 24.Bd1 Qc5
25.Bf3 Bf6 26.e5 Bxg5 27.Qxg5 Qxf2+ 28.Qg2 Qxg2+ 29.Kxg2 Ra7
30.exd6 Rd7 31.Rad1 Bd3 32.Re7 Rxd6 33.Kf2 Ne6 34.h4 Nc5 1-0

[Event "Moscow Open 2009 A"]
[Site ""]
[Date "2009.01.31"]
[Round "1.90"]
[White "Balashov, Yuri S"]
[Black "Mikheev, Stanislav"]
[Result "1-0"]
[WhiteElo "2378"]
[BlackElo "2321"]
[Annotator ""]
[Source ""]
[Remark ""]

1.d4 Nf6 2.Nf3 e6 3.c4 d5 4.Nc3 Be7 5.Bg5 h6 6.Bh4 O-O 7.e3 b6
8.cxd5 Nxd5 9.Bxe7 Qxe7 10.Ne4 Bb7 11.Bd3 Nb4 12.Bb1 Nd7 13.a3
Nd5 14.O-O c5 15.Ng3 cxd4 16.Nxd4 Rac8 17.Bc2 Rfd8 18.Rc1 Ne5
19.Qe2 Qh4 20.Be4 f5 21.Nf3 Nxf3+ 22.Bxf3 Qa4 23.Qd2 Nc3 24.Qe1
Ne4 25.Bxe4 Bxe4 26.Rxc8 Rxc8 27.Qd2 Bb7 28.f3 Qc2 29.Qd7 Qc6
30.Rd1 Qxd7 31.Rxd7 Rc1+ 32.Kf2 Rc2+ 33.Ke1 Bd5 34.e4 fxe4 35.fxe4
Bb3 36.Rd2 Rc7 37.Ne2 e5 38.Nc3 Kf7 39.Nb5 Rc1+ 40.Kf2 a6 41.Nd6+
Ke6 42.Nf5 Rc2 43.Nxg7+ Kf7 44.Rxc2 Bxc2 45.Nf5 Bxe4 46.Nd6+ 1-0

[Event "Moscow Open 2009 A"]
[Site ""]
[Date "2009.01.31"]
[Round "1.91"]
[White "Oganisjn, Roman"]
[Black "Ozolin, Maxim"]
[Result "0-1"]
[WhiteElo "2321"]
[BlackElo "2377"]
[Annotator ""]
[Source ""]
[Remark ""]

1.d4 Nf6 2.c4 g6 3.Nc3 Bg7 4.e4 d6 5.Be2 O-O 6.g4 c5 7.g5 Nfd7
8.d5 Na6 9.h4 Nc7 10.h5 b5 11.cxb5 a6 12.hxg6 fxg6 13.Qd3 Rf7
14.f4 Nxb5 15.Nh3 Nd4 16.Bd1 a5 17.Nf2 c4 18.Qf1 Nc5 19.Rh2 e5
20.f5 gxf5 21.Qh3 Bf8 22.g6 Rg7 23.gxh7+ Kh8 24.Bh6 Rg6 25.Qh5
Rxh6 26.Qf7 Bg7 27.Rg2 Rxh7 28.Bh5 Bd7 0-1

[Event "Moscow Open 2009 A"]
[Site ""]
[Date "2009.01.31"]
[Round "1.92"]
[White "Tregubov, Andrei"]
[Black "Nikitin, Yuri"]
[Result "1-0"]
[WhiteElo "2374"]
[BlackElo "2319"]
[Annotator ""]
[Source ""]
[Remark ""]

1.d4 d5 2.c4 c6 3.Nf3 Nf6 4.cxd5 cxd5 5.Nc3 Nc6 6.Bf4 a6 7.e3
Ne4 8.Bd3 Nxc3 9.bxc3 e6 10.O-O Bd6 11.Bxd6 Qxd6 12.c4 dxc4 13.Bxc4
O-O 14.Ng5 h6 15.Ne4 Qa3 16.Qb3 Qxb3 17.axb3 b6 18.Be2 Rd8 19.Rac1
Bb7 20.Bf3 Rac8 21.Nd2 b5 22.b4 e5 23.Nb3 exd4 24.Bxc6 Rxc6 25.Rxc6
Bxc6 26.Nxd4 Bd5 27.Rc1 Bc4 28.h4 g6 29.Kh2 Kg7 30.Kg3 Rd6 31.h5
Kf6 32.hxg6 fxg6 33.f4 h5 34.Kf3 Ke7 35.g4 hxg4+ 36.Kxg4 Kf6
37.Kf3 Rd7 38.Ra1 Rd6 39.Rg1 Rd7 40.Rg5 Rc7 41.e4 Bf7 42.e5+
Ke7 43.e6 Be8 44.Ke4 1-0

[Event "Moscow Open 2009 A"]
[Site ""]
[Date "2009.01.31"]
[Round "1.93"]
[White "Tappyrov, Vladimir"]
[Black "Skvortsov, Mikhail S"]
[Result "1-0"]
[WhiteElo "2317"]
[BlackElo "2373"]
[Annotator ""]
[Source ""]
[Remark ""]

1.e4 e6 2.d4 d5 3.Nd2 dxe4 4.Nxe4 Nd7 5.Nf3 Ngf6 6.Nxf6+ Nxf6
7.Bg5 Be7 8.Bd3 O-O 9.Qe2 c5 10.dxc5 Qa5+ 11.c3 Qxc5 12.O-O h6
13.Be3 Qh5 14.Bd4 Rd8 15.Ne5 Qxe2 16.Bxe2 Bd7 17.Rfd1 Nd5 18.Bf3
Bc6 19.a3 Rdc8 20.c4 Nb6 21.Nxc6 bxc6 22.Rac1 Rab8 23.b4 f6 24.Bg4
Kf7 25.Bc5 Rd8 26.Bxe6+ Kf8 27.Be3 Na4 1-0